000 00741nam a2200229 4500
003 PPAK
005 20240318152635.0
008 040413s1975 my ab d | | may d
020 _qpaperback
040 _aPPAK
_beng
_cPPAK
_erda
082 0 4 _223
_a959.51
090 0 0 _a959.51
_bHAS
_dKWS
100 0 _aHasrom bin Haron,
_eauthor.
245 1 0 _aSEJARAH TANAH MELAYU.
_n1400 - 1965 /
_cHasrom bin Haron
264 1 _a[place of publication not identified] :
_bPreston-Times Sdn. Bhd.,
_c1975
300 _aviii, 272 pages :
_billustrations, maps ;
_c25 cm
336 _2rdacontent
_atext
337 _2rdamedia
_aunmediated
338 _2rdacarrier
_avolume
650 1 0 _aMalaysia
_vHistory
_y1400-1965
942 _cB
_2ddc
999 _c195369
_d195369